000 00329nam a2200133Ia 4500
005 20251222143304.0
008 251222s9999||||xx |||||||||||||| ||spa||
020 _a987-9296-06-0
082 _a370.114/A62
100 _aAntelo, Estanislao
245 0 _aLa Escuela Más Allá del Bien y El Mal
264 _bAMSAFE
942 _cLIB
999 _c15444
_d15444